Second Computer Applications in Fermentation Tecnology: proceedings
Guardat en:
| Autor principal: | |
|---|---|
| Format: | Llibre |
| Idioma: | anglès |
| Publicat: |
Nueva York
John Wiley
1979
|
| Col·lecció: | Biotechnology and Bioengineering Symposium, 9
|
| Matèries: | |
| Etiquetes: |
Afegir etiqueta
Sense etiquetes, Sigues el primer a etiquetar aquest registre!
|
MARC
| LEADER | 00000nam a2200000 a 4500 | ||
|---|---|---|---|
| 001 | UCU4708 | ||
| 003 | CL-VaPUC | ||
| 005 | 20241021132400.0 | ||
| 008 | 960524e19790000us 1 eng d | ||
| 082 | 0 | 4 | |a 660.6 |b ARM |2 21 |
| 100 | 1 | |a Armiger, William B |e author |9 617773 | |
| 245 | 1 | 0 | |a Second Computer Applications in Fermentation Tecnology: proceedings |
| 260 | |a Nueva York |b John Wiley |c 1979 | ||
| 300 | |a v | ||
| 490 | 0 | |a Biotechnology and Bioengineering Symposium, 9 | |
| 583 | |a last modification |c 19960524 00:00:00 |k Rodrigo Vera | ||
| 650 | 0 | 0 | |a Biotecnología |9 259561 |
| 650 | 0 | 0 | |a Fermentación |9 259565 |
| 650 | 0 | 0 | |a Computadores |9 258188 |
| 650 | 0 | 0 | |a Cultivos celulares |9 326596 |
| 650 | 0 | 0 | |a Metabolismo |9 259893 |
| 650 | 0 | 0 | |a Cinética |9 260943 |
| 650 | 0 | 7 | |a PENICILINAS |2 CL-VaPUC |9 617774 |
| 650 | 0 | 0 | |a Bioquímica |9 259492 |
| 942 | |c BK | ||
| 945 | |a paguirre |d 19960524 00:00:00 | ||
| 546 | |a En Inglés | ||
| 518 | |p Computer Applications in Fermentation Technology, 2, Philadelphia, 28 al 30 de Agosto de 1978 | ||
| 999 | |c 382632 |d 382630 | ||
| 952 | |0 0 |1 0 |4 0 |6 660_600000000000000_ARM_1979 |7 0 |8 A |9 504424 |a BIBING |b BIBING |d 2020-01-23 |i 1663585 |o 660.6 ARM 1979 |p 1663585 |r 2025-01-20 |w 2020-01-23 |y BK |k EIB | ||
| 952 | |0 0 |1 0 |4 0 |6 660_600000000000000_ARM_1979 |7 0 |8 A |9 504425 |a BIBING |b BIBING |d 2020-01-23 |i 2607611 |o 660.6 ARM 1979 |p 2607611 |r 2025-01-20 |w 2020-01-23 |y BK |k EIB | ||